000 00287nam a22001337a 4500
008 170620b xxu||||| |||| 00| 0 eng d
020 _a03.0.1101
041 _aeng
080 _a94
100 _a16
101 _aSHH
245 _aEARLY CHRISTIAN IRELAND
_cPAOR,L.D
942 _2udc
_cBK
999 _c18210
_d18210